Informe anual sobre derechos humanos en Chile 2016

Guardat en:
Dades bibliogràfiques
Autor corporatiu: Centro de Derechos Humanos
Format: Llibre
Idioma:anglès
espanyol
Publicat: Santiago, Chile Ediciones Universidad Diego Portales 2016
Matèries:
Etiquetes: Afegir etiqueta
Sense etiquetes, Sigues el primer a etiquetar aquest registre!

MARC

LEADER 00000nam a2200000 4500
003 CL-VaPUC
005 20221025074414.0
008 200120b ||||| |||| 00| 0 eng d
999 |c 377570  |d 377568 
020 |a 9789563143744 
040 |c Pontificia Universidad Católica de Valparaíso 
041 0 |a spa 
082 |a 323.983 CEN 2016 
110 1 |a Centro de Derechos Humanos  |9 609660 
245 1 0 |a Informe anual sobre derechos humanos en Chile 2016 
260 3 |a Santiago, Chile  |b Ediciones Universidad Diego Portales  |c 2016 
300 |a 376 páginas 
583 |c 20200120  |k Daniel Castañeda 
650 0 0 |a Derechos humanos  |9 223025 
650 0 0 |a Derechos fundamentales   |9 254841 
650 0 0 |a Pueblos indígenas   |9 357564 
650 0 0 |a Inmigrantes  |9 317882 
942 |2 ddc  |c BK 
952 |0 0  |1 0  |2 ddc  |4 0  |6 323_983000000000000_CEN_2016  |7 0  |9 497556  |a BIBDER  |b BIBDER  |d 2020-01-20  |i 5613876  |o 323.983 CEN 2016  |p 5613876  |r 2023-01-25  |t 1  |w 2020-01-20  |y BK  |k DER